[Event "GBR-ch72"]
[Site "Edinburgh"]
[Date "1985.08.06"]
[Round "8.9"]
[White "Conquest, Stuart"]
[Black "Howell, James C"]
[Result "1/2-1/2"]
[WhiteElo "2345"]
[BlackElo "2370"]
[PlyCount "120"]
[EventDate "1985.07.29"]
[EventType "swiss"]
[EventRounds "11"]
[EventCountry "GBR"]
[SourceTitle "BritBase"]
[Source "John Saunders"]
[SourceDate "2020.09.07"]
[SourceVersion "1"]
[SourceVersionDate "2020.09.07"]
[SourceQuality "2"]

1. d4 Nf6 2. c4 g6 3. Nc3 Bg7 4. e4 O-O 5. Nf3 d6 6. Be2 e5 7. O-O Nc6 8. d5
Ne7 9. Nd2 c5 10. dxc6 bxc6 11. b4 d5 12. b5 d4 13. Na4 cxb5 14. cxb5 d3 15.
Bf3 Bd7 16. Nc3 Qa5 17. Bb2 Bxb5 18. Nb3 Qa6 19. Nxb5 Qxb5 20. a4 Qc4 21. Bxe5
Nxe4 22. Rc1 Qxa4 23. Bxg7 Kxg7 24. Qxd3 Rab8 25. Nd4 Nf6 26. h4 h5 27. Rc7
Rfe8 28. Rc5 Rb6 29. Rd1 Rd6 30. Qc3 Red8 31. Rc4 Qa6 32. Ra1 Qxc4 33. Qxc4
Rxd4 34. Qc3 Nf5 35. Rxa7 Nxh4 36. Be2 Nf5 37. Bc4 Rd1+ 38. Kh2 R8d7 39. Rxd7
Rxd7 40. f3 h4 41. Bd3 Nh6 42. Kh3 g5 43. Be4 Rd1 44. g4 hxg3 45. Kxg3 Rh1 46.
Bd3 g4 47. fxg4 Rg1+ 48. Kf4 Rxg4+ 49. Ke5 Rg3 50. Kf4 Rh3 51. Qd2 Rh4+ 52. Ke5
Rh5+ 53. Kd6 Rd5+ 54. Kc6 Nhg4 55. Kb7 Rd6 56. Qg5+ Kf8 57. Qc5 Ne8 58. Bb5
Ngf6 59. Bc6 Ke7 60. Qe5+ Re6 {etc (79)} 1/2-1/2

[Event "GBR-ch72"]
[Site "Edinburgh"]
[Date "1985.08.06"]
[Round "8.10"]
[White "Levitt, Jonathan"]
[Black "Pritchett, Craig William"]
[Result "0-1"]
[WhiteElo "2375"]
[BlackElo "2395"]
[PlyCount "120"]
[EventDate "1985.07.29"]
[EventType "swiss"]
[EventRounds "11"]
[EventCountry "GBR"]
[SourceTitle "BritBase"]
[Source "John Saunders"]
[SourceDate "2020.09.07"]
[SourceVersion "1"]
[SourceVersionDate "2020.09.07"]
[SourceQuality "2"]

1. d4 Nf6 2. c4 e6 3. Nf3 b6 4. g3 Bb4+ 5. Bd2 Bxd2+ 6. Qxd2 Ba6 7. b3 c6 8.
Qc2 d5 9. Nbd2 Nbd7 10. Bg2 O-O 11. O-O Rc8 12. e4 c5 13. exd5 exd5 14. Qb2
dxc4 15. Nxc4 cxd4 16. Qxd4 Bxc4 17. bxc4 Qc7 18. Rac1 Rfe8 19. Rfd1 Nc5 20.
Ng5 h6 21. Nh3 Ne6 22. Qb2 Rcd8 23. Bd5 Nc5 24. Nf4 Kf8 25. Qc2 Qe5 26. Ng2
Nce4 27. Qb3 Qf5 28. Qa3+ Kg8 29. Bxe4 Nxe4 30. Qe3 Rxd1+ 31. Rxd1 Nf6 32. Qd2
Qf3 33. Re1 Rxe1+ 34. Qxe1 Qe4 35. Ne3 Ng4 36. Qc1 Ne5 37. h3 Nf3+ 38. Kh1 Ng5+
39. Kh2 Nf3+ 40. Kh1 Ng5+ 41. Kh2 Qf3 42. Qe1 f5 43. Nd5 Ne4 44. Kg1 Kh7 45. h4
Qd3 46. Qf1 Qd2 47. a3 Qb2 48. Kg2 Qxa3 49. Qe2 Qd6 50. g4 Nf6 51. Qd3 Nxg4 52.
Qxf5+ Qg6 53. Qxg6+ Kxg6 54. Ne7+ Kf6 55. Nc8 Ne5 56. Nxa7 Nxc4 57. Nb5 Ke5 58.
Kf3 Nd6 59. Na3 b5 60. Nc2 h5 0-1

[Event "GBR-ch72"]
[Site "Edinburgh"]
[Date "1985.08.06"]
[Round "8.11"]
[White "West, Guy"]
[Black "Thipsay, Praveen Mahadeo"]
[Result "0-1"]
[WhiteElo "2310"]
[BlackElo "2495"]
[PlyCount "72"]
[EventDate "1985.07.29"]
[EventType "swiss"]
[EventRounds "11"]
[EventCountry "GBR"]
[SourceTitle "BritBase"]
[Source "John Saunders"]
[SourceDate "2020.09.07"]
[SourceVersion "1"]
[SourceVersionDate "2020.09.07"]
[SourceQuality "2"]

1. g3 e5 2. d3 d5 3. Nf3 Nc6 4. Bg2 Nf6 5. O-O Be7 6. c3 a5 7. a4 O-O 8. Na3 h6
9. Nb5 Be6 10. Qc2 Qd7 11. e4 dxe4 12. dxe4 Bc5 13. Rd1 Qe7 14. b3 Ng4 15. Ba3
Nb4 16. cxb4 axb4 17. Bc1 Nxf2 18. Rf1 Ng4+ 19. Kh1 Rfc8 20. h3 Nf6 21. Bb2 c6
22. Nbd4 exd4 23. Nxd4 Nh5 24. Ne2 Qg5 25. g4 Bxg4 26. Bf3 Bxh3 27. Rg1 Qh4 28.
Rxg7+ Nxg7 29. Qxc5 Bg4+ 30. Kg1 Bxf3 31. Bxg7 Qg4+ 32. Kf2 Qg2+ 33. Ke3 Qxe2+
34. Kf4 Qxe4+ 35. Kg3 Qg4+ 36. Kf2 Qg2+ 0-1

[Event "GBR-ch72"]
[Site "Edinburgh"]
[Date "1985.08.06"]
[Round "8.12"]
[White "Knott, Simon JB"]
[Black "Cummings, David H"]
[Result "0-1"]
[WhiteElo "2275"]
[BlackElo "2415"]
[PlyCount "82"]
[EventDate "1985.07.29"]
[EventType "swiss"]
[EventRounds "11"]
[EventCountry "GBR"]
[SourceTitle "BritBase"]
[Source "John Saunders"]
[SourceDate "2020.09.07"]
[SourceVersion "1"]
[SourceVersionDate "2020.09.07"]
[SourceQuality "2"]

1. c4 b6 2. Nc3 c5 3. Nf3 Bb7 4. d4 cxd4 5. Nxd4 Nf6 6. f3 d6 7. e4 e6 8. Be2
Be7 9. Be3 a6 10. O-O O-O 11. Qe1 Nbd7 12. Qf2 Rc8 13. Rac1 Qe8 14. Rfe1 Bd8
15. Bf1 Ne5 16. b3 Nfd7 17. h3 Nc5 18. Red1 f5 19. exf5 exf5 20. f4 Ng6 21. g3
Rf6 22. Kh2 Ne7 23. Bg2 Be4 24. Nxe4 fxe4 25. Bf1 Qf7 26. g4 (26. a4 {is given
in the bulletin but this seems wrong}) 26... h6 27. f5 Bc7 28. b4 Nd3 29. Bxd3
exd3 30. Ne6 Nxf5 31. gxf5 Rxf5 32. Nf4 d5 33. Rf1 g5 34. cxd5 Bxf4+ 35. Bxf4
Rxc1 36. Rxc1 Rxf4 37. Qe3 d2 38. Rd1 Rf3 39. Qe5 Qd7 40. Kg1 Rxh3 41. Kf2 Rd3
{Amended 28/07/04} 0-1

[Event "GBR-ch72"]
[Site "Edinburgh"]
[Date "1985.08.06"]
[Round "8.13"]
[White "Martin, Andrew D"]
[Black "Pigott, John C"]
[Result "1/2-1/2"]
[WhiteElo "2410"]
[BlackElo "2330"]
[PlyCount "87"]
[EventDate "1985.07.29"]
[EventType "swiss"]
[EventRounds "11"]
[EventCountry "GBR"]
[SourceTitle "BritBase"]
[Source "John Saunders"]
[SourceDate "2020.09.07"]
[SourceVersion "1"]
[SourceVersionDate "2020.09.07"]
[SourceQuality "2"]

1. d4 Nf6 2. c4 e6 3. Nc3 Bb4 4. e3 b6 5. Bd3 Bb7 6. Nf3 Ne4 7. O-O f5 8. d5
Bxc3 9. bxc3 Nc5 10. Ba3 Nba6 11. Bc2 O-O 12. Nd4 Rf7 13. Qe2 Qf6 14. Rad1 g6
15. f4 Re8 16. Nb5 d6 17. Rfe1 Rfe7 18. Qd2 exd5 19. cxd5 Ne4 20. Qc1 Nac5 21.
c4 Qh4 22. Bxe4 Nxe4 23. Re2 Qh5 24. Rde1 a6 25. Nd4 Bc8 26. Bb2 h6 27. Nf3 Kh7
28. Rf1 g5 29. fxg5 hxg5 30. Nd4 Kg6 31. g3 Qg4 32. Ba1 Rh8 33. Rf3 Rh3 34. Qb2
Reh7 35. Rg2 Qh5 36. g4 fxg4 37. Rf1 Rxe3 38. Ne2 Bf5 39. Ng3 Rxg3 40. Rxg3 Rf7
41. Re3 g3 42. hxg3 Rh7 43. Qg2 Qg4 44. Rfe1 1/2-1/2

[Event "GBR-ch72"]
[Site "Edinburgh"]
[Date "1985.08.06"]
[Round "8.14"]
[White "Thomson, Craig"]
[Black "Bellin, Robert"]
[Result "1/2-1/2"]
[WhiteElo "2260"]
[BlackElo "2395"]
[PlyCount "81"]
[EventDate "1985.07.29"]
[EventType "swiss"]
[EventRounds "11"]
[EventCountry "GBR"]
[SourceTitle "BritBase"]
[Source "John Saunders"]
[SourceDate "2020.09.07"]
[SourceVersion "1"]
[SourceVersionDate "2020.09.07"]
[SourceQuality "2"]

1. d4 Nf6 2. c4 e6 3. Nc3 Bb4 4. e3 O-O 5. Bd3 d5 6. a3 dxc4 7. Bxc4 Bd6 8. Nf3
Nc6 9. e4 e5 10. d5 Ne7 11. O-O Ng6 12. Re1 a6 13. Nd2 b5 14. Bf1 Bb7 15. b4 c6
16. Nb3 cxd5 17. Na5 Qc7 18. Nxb7 Qxb7 19. Nxd5 Nxd5 20. Qxd5 Qxd5 21. exd5
Rac8 22. Rd1 Ne7 23. a4 Rfd8 24. axb5 axb5 25. Rb1 Bb8 26. Bxb5 Nxd5 27. Bd2
Ba7 28. Rbc1 Bd4 29. Ba6 Rb8 30. b5 Bb6 31. Re1 f6 32. Rc6 Kf7 33. Rec1 Ne7 34.
R6c2 Nd5 35. Kf1 h6 36. g3 g5 37. Ke2 h5 38. Be3 Nxe3 39. fxe3 Rd6 40. Bc8 Ba5
41. Rb1 1/2-1/2

[Event "GBR-ch72"]
[Site "Edinburgh"]
[Date "1985.08.06"]
[Round "8.15"]
[White "Bowden, Karl"]
[Black "Hawksworth, John C"]
[Result "0-1"]
[WhiteElo "2250"]
[BlackElo "2370"]
[PlyCount "108"]
[EventDate "1985.07.29"]
[EventType "swiss"]
[EventRounds "11"]
[EventCountry "GBR"]
[SourceTitle "BritBase"]
[Source "John Saunders"]
[SourceDate "2020.09.07"]
[SourceVersion "1"]
[SourceVersionDate "2020.09.07"]
[SourceQuality "2"]

1. d4 Nf6 2. Nf3 c5 3. e3 e6 4. Bd3 cxd4 5. exd4 b6 6. O-O Bb7 7. c4 Be7 8. Nc3
d5 9. cxd5 Nxd5 10. Bb5+ Bc6 11. Qa4 Qd7 12. Bxc6 Nxc6 13. Nxd5 Qxd5 14. Be3
O-O 15. Rfc1 b5 16. Qb3 Nb4 17. Qxd5 Nxd5 18. Rc6 Bd8 19. Ne5 Bb6 20. Nd7 Rfd8
21. Nxb6 axb6 22. a3 Rdc8 23. Rac1 Rxc6 24. Rxc6 Kf8 25. Kf1 Ke7 26. Ke2 Ra4
27. Rc1 b4 28. axb4 Rxb4 29. Rc2 Kd7 30. Kd1 Ra4 31. Ke2 Rb4 32. h3 Rb3 33. Bd2
Rb5 34. Kd3 Ne7 35. Bf4 Nc6 36. Bd2 Rd5 37. Bc3 b5 38. b3 f5 39. Ke3 b4 40. Bb2
Na5 41. Kd3 e5 42. Ke3 e4 43. g4 g6 44. gxf5 gxf5 45. Rc1 Nxb3 46. Rg1 Na5 47.
Kf4 Nc4 48. Rb1 Kc6 49. Ba1 Rb5 50. d5+ Kxd5 51. Kxf5 Nd2 52. Rc1 b3 53. Rc8
Nc4 54. Rd8+ Nd6+ 0-1

[Event "GBR-ch72"]
[Site "Edinburgh"]
[Date "1985.08.06"]
[Round "8.16"]
[White "Lawton, Geoffrey W"]
[Black "Muir, Andrew Joseph"]
[Result "1/2-1/2"]
[WhiteElo "2360"]
[BlackElo "2285"]
[PlyCount "40"]
[EventDate "1985.07.29"]
[EventType "swiss"]
[EventRounds "11"]
[EventCountry "GBR"]
[SourceTitle "BritBase"]
[Source "John Saunders"]
[SourceDate "2020.09.07"]
[SourceVersion "1"]
[SourceVersionDate "2020.09.07"]
[SourceQuality "2"]

1. e4 c5 2. Nf3 Nc6 3. Bb5 g6 4. O-O Bg7 5. Re1 e5 6. c3 Nge7 7. d4 cxd4 8.
cxd4 exd4 9. Bf4 d6 10. Na3 O-O 11. Qd2 Bg4 12. Be2 Bxf3 13. Bxf3 Ne5 14. Bd1
Rc8 15. Bb3 Qd7 16. Rad1 b5 17. Bh6 Qg4 18. Kh1 Nf3 19. gxf3 Qxf3+ 20. Kg1 Qg4+
1/2-1/2

[Event "GBR-ch72"]
[Site "Edinburgh"]
[Date "1985.08.06"]
[Round "8.17"]
[White "McNab, Colin Anderson"]
[Black "Thomas, Ian L"]
[Result "1-0"]
[WhiteElo "2420"]
[BlackElo "2295"]
[PlyCount "109"]
[EventDate "1985.07.29"]
[EventType "swiss"]
[EventRounds "11"]
[EventCountry "GBR"]
[SourceTitle "BritBase"]
[Source "John Saunders"]
[SourceDate "2020.09.07"]
[SourceVersion "1"]
[SourceVersionDate "2020.09.07"]
[SourceQuality "2"]

1. c4 e5 2. Nc3 Nc6 3. g3 g6 4. Bg2 Bg7 5. d3 d6 6. Nh3 h6 7. f4 Nge7 8. Rb1
O-O 9. O-O Be6 10. Nd5 Rb8 11. b4 b5 12. Bd2 a6 13. Kh1 Na7 14. Qc1 Kh7 15. Nf2
c6 16. Nxe7 Qxe7 17. c5 dxc5 18. bxc5 f6 19. Qa3 Qb7 20. Ne4 Nc8 21. fxe5 fxe5
22. Rxf8 Bxf8 23. Bc3 Bg7 24. Qb2 Qc7 25. a3 Bd5 26. Rf1 Qe7 27. h4 Rb7 28. Kh2
Rd7 29. Qd2 Rd8 30. Qe3 Rf8 31. Rxf8 Qxf8 32. Bh3 Kh8 33. Nd2 Kh7 34. Qg1 Ne7
35. e4 Bg8 36. Kg2 Qb8 37. Nf3 Qd8 38. Qb1 Qc7 39. Qb2 Qd8 40. Bxe5 Bf8 41. Qd2
a5 42. Qf4 Bg7 43. Bxg7 Kxg7 44. Qe5+ Kh7 45. Qd6 Qf8 46. Ne5 Qg7 47. Nd7 b4
48. axb4 axb4 49. Nf6+ Kh8 50. Ne8 Qb2+ 51. Kg1 Nd5 52. exd5 Qd4+ 53. Kh2 b3
54. Qf8 b2 55. Be6 1-0

[Event "GBR-ch72"]
[Site "Edinburgh"]
[Date "1985.08.06"]
[Round "8.18"]
[White "Barua, Dibyendu"]
[Black "Emms, John"]
[Result "1-0"]
[WhiteElo "2410"]
[BlackElo "2245"]
[PlyCount "83"]
[EventDate "1985.07.29"]
[EventType "swiss"]
[EventRounds "11"]
[EventCountry "GBR"]
[SourceTitle "BritBase"]
[Source "John Saunders"]
[SourceDate "2020.09.07"]
[SourceVersion "1"]
[SourceVersionDate "2020.09.07"]
[SourceQuality "2"]

1. e4 d6 2. d4 Nf6 3. Nc3 g6 4. Nf3 Bg7 5. Be2 O-O 6. O-O Bg4 7. e5 Nfd7 8. h3
Bxf3 9. Bxf3 Nc6 10. exd6 cxd6 11. Ne2 Rc8 12. c3 Re8 13. Ng3 a6 14. b3 b5 15.
Bb2 Nb6 16. Rc1 d5 17. Rc2 Qc7 18. Rd2 Bh6 19. Rd3 e5 20. dxe5 Nxe5 21. Rd4
Nxf3+ 22. Qxf3 Bg7 23. Rd3 b4 24. Ne2 Rxe2 25. Qxe2 bxc3 26. Bc1 d4 27. Qe4 Qc6
28. Qxc6 Rxc6 29. Re1 Re6 30. Kf1 Nd5 31. a3 a5 32. g3 Bf6 33. Rxe6 fxe6 34. f4
Kf7 35. Ke2 Nc7 36. Rf3 Na6 37. Kd3 Ke7 38. Kc4 Kd6 39. b4 axb4 40. axb4 Nc7
41. b5 Nd5 42. Ba3+ {etc (60)} 1-0

[Event "GBR-ch72"]
[Site "Edinburgh"]
[Date "1985.08.06"]
[Round "8.19"]
[White "Hindle, Owen M"]
[Black "McDonald, Neil R"]
[Result "1/2-1/2"]
[WhiteElo "2380"]
[BlackElo "2216"]
[PlyCount "75"]
[EventDate "1985.07.29"]
[EventType "swiss"]
[EventRounds "11"]
[EventCountry "GBR"]
[SourceTitle "BritBase"]
[Source "John Saunders"]
[SourceDate "2020.09.07"]
[SourceVersion "1"]
[SourceVersionDate "2020.09.07"]
[SourceQuality "2"]

1. e4 e6 2. d4 d5 3. Nc3 Bb4 4. Bd3 Ne7 5. Nf3 c5 6. exd5 exd5 7. dxc5 Nbc6 8.
O-O Bxc5 9. Bf4 Bg4 10. h3 Bh5 11. Re1 Qd7 12. a3 Bxf3 13. Qxf3 O-O 14. Rad1
Rad8 15. Qh5 f5 16. Bg5 Kh8 17. Bb5 Qc7 18. Re6 d4 19. Ne2 Bd6 20. Bxc6 bxc6
21. Rxd4 Bc5 22. Rxd8 Rxd8 23. Nf4 Kg8 24. Qe2 h6 25. Bxe7 Bxe7 26. Rxe7 Qxf4
27. g3 Qc1+ 28. Kg2 Qxb2 29. Rxa7 Qd4 30. Re7 Qd5+ 31. Qf3 Ra8 32. Qxd5+ cxd5
33. Re5 Rxa3 34. Rxd5 Rc3 35. Rd2 Kf7 36. Re2 Kf6 37. Kf1 f4 38. gxf4 1/2-1/2

[Event "GBR-ch72"]
[Site "Edinburgh"]
[Date "1985.08.06"]
[Round "8.20"]
[White "Waddingham, Graham A"]
[Black "Prasad, Devaki V"]
[Result "0-1"]
[WhiteElo "2264"]
[BlackElo "2375"]
[PlyCount "68"]
[EventDate "1985.07.29"]
[EventType "swiss"]
[EventRounds "11"]
[EventCountry "GBR"]
[SourceTitle "BritBase"]
[Source "John Saunders"]
[SourceDate "2020.09.07"]
[SourceVersion "1"]
[SourceVersionDate "2020.09.07"]
[SourceQuality "2"]

1. e4 c5 2. Nc3 Nc6 3. g3 g6 4. Bg2 Bg7 5. d3 d6 6. Be3 Rb8 7. Qd2 b5 8. a3 a5
9. Nge2 Nd4 10. O-O e6 11. Rae1 b4 12. axb4 axb4 13. Nd1 b3 14. Bxd4 cxd4 15.
c3 dxc3 16. Ndxc3 Ne7 17. d4 O-O 18. Ra1 Nc6 19. Ra4 Qb6 20. Rd1 Bd7 21. Rda1
Nb4 22. Ra7 Bc8 23. R1a4 Na6 24. R7xa6 Bxa6 25. f4 Rfc8 26. e5 Bxe2 27. Nxe2
Rc2 28. Qd3 Rxb2 29. Ra6 Qb4 30. Nc3 dxe5 31. fxe5 Rc2 32. Ne2 Rd2 33. Qf3 b2
34. Ra7 b1=Q+ {etc. (44)} 0-1

[Event "GBR-ch72"]
[Site "Edinburgh"]
[Date "1985.08.06"]
[Round "8.21"]
[White "Motwani, Paul"]
[Black "Carr, Neil L"]
[Result "1-0"]
[WhiteElo "2365"]
[BlackElo "2315"]
[PlyCount "57"]
[EventDate "1985.07.29"]
[EventType "swiss"]
[EventRounds "11"]
[EventCountry "GBR"]
[SourceTitle "BritBase"]
[Source "John Saunders"]
[SourceDate "2020.09.07"]
[SourceVersion "1"]
[SourceVersionDate "2020.09.07"]
[SourceQuality "2"]

1. e4 d6 2. d4 Nf6 3. Nc3 g6 4. Be3 Bg7 5. Qd2 c6 6. Bh6 Bxh6 7. Qxh6 Qa5 8.
O-O-O Ng4 9. Qd2 O-O 10. Nf3 Nd7 11. h3 Ngf6 12. e5 dxe5 13. dxe5 Nxe5 14. Qg5
Bf5 15. Nxe5 Qxe5 16. g4 h6 17. Qxh6 Be6 18. Bd3 Nd5 19. Nxd5 Bxd5 20. Rhe1 Qf6
21. f4 Bf3 22. Rd2 c5 23. g5 Qc6 24. f5 gxf5 25. g6 Qxg6 26. Qe3 Qh5 27. Rg1+
Kh8 28. Rg5 Qh4 29. Rxf5 1-0

[Event "GBR-ch72"]
[Site "Edinburgh"]
[Date "1985.08.06"]
[Round "8.22"]
[White "Abayasekera, Roger"]
[Black "Orr, Mark JL"]
[Result "0-1"]
[WhiteElo "2200"]
[BlackElo "2340"]
[PlyCount "68"]
[EventDate "1985.07.29"]
[EventType "swiss"]
[EventRounds "11"]
[EventCountry "GBR"]
[SourceTitle "BritBase"]
[Source "John Saunders"]
[SourceDate "2020.09.07"]
[SourceVersion "1"]
[SourceVersionDate "2020.09.07"]
[SourceQuality "2"]

1. e4 c6 2. d4 d5 3. exd5 cxd5 4. c4 Nf6 5. Nc3 Nc6 6. Bg5 Be6 7. Qd2 Qa5 8.
Bxf6 gxf6 9. c5 Rg8 10. g3 O-O-O 11. Bg2 h5 12. h3 h4 13. g4 f5 14. g5 Nxd4 15.
Qxd4 Rxg5 16. Bf1 Bg7 17. Qd2 Rg6 18. Nf3 d4 19. Ne2 Qc7 20. Rg1 d3 21. Rxg6
dxe2 22. Qxe2 Qa5+ 23. Nd2 Bxb2 24. Rd1 Bxa2 25. Rg5 Bb3 26. c6 Bxd1 27. cxb7+
Kb8 28. Kxd1 Qa1+ 29. Kc2 Qc1+ 30. Kb3 Qc3+ 31. Ka2 Qa3+ 32. Kb1 Bf6 33. Nc4
Qb3+ 34. Nb2 Rd1+ 0-1

[Event "GBR-ch72"]
[Site "Edinburgh"]
[Date "1985.08.06"]
[Round "8.23"]
[White "Kosten, Anthony C"]
[Black "Shovel, Kenneth"]
[Result "1/2-1/2"]
[WhiteElo "2395"]
[BlackElo "2280"]
[PlyCount "50"]
[EventDate "1985.07.29"]
[EventType "swiss"]
[EventRounds "11"]
[EventCountry "GBR"]
[SourceTitle "BritBase"]
[Source "John Saunders"]
[SourceDate "2020.09.07"]
[SourceVersion "1"]
[SourceVersionDate "2020.09.07"]
[SourceQuality "2"]

1. e4 c6 2. d4 d5 3. exd5 cxd5 4. c4 Nf6 5. Nc3 g6 6. Qb3 Bg7 7. cxd5 O-O 8.
Be2 Nbd7 9. Bf3 Nb6 10. Bg5 Bg4 11. Bxf6 Bxf3 12. Nxf3 Bxf6 13. O-O Qd6 14.
Rfe1 Rfd8 15. Ne5 Rab8 16. Nc4 Nxc4 17. Qxc4 b5 18. Nxb5 Qxd5 19. Qxd5 Rxd5 20.
Nxa7 Rxb2 21. Nc6 Rd6 22. Rec1 Bxd4 23. Nxd4 Rxd4 24. Rcb1 Rc2 25. Rc1 Rb2
1/2-1/2

[Event "GBR-ch72"]
[Site "Edinburgh"]
[Date "1985.08.06"]
[Round "8.24"]
[White "Arkell, Keith C"]
[Black "Buckmire, Ron"]
[Result "0-1"]
[WhiteElo "2385"]
[BlackElo "2200"]
[PlyCount "106"]
[EventDate "1985.07.29"]
[EventType "swiss"]
[EventRounds "11"]
[EventCountry "GBR"]
[SourceTitle "BritBase"]
[Source "John Saunders"]
[SourceDate "2020.09.07"]
[SourceVersion "1"]
[SourceVersionDate "2020.09.07"]
[SourceQuality "2"]

1. e4 c5 2. f4 Nc6 3. Nf3 e6 4. Bb5 Nge7 5. O-O a6 6. Bxc6 Nxc6 7. d3 d6 8. b3
Be7 9. Bb2 Bf6 10. c3 b5 11. Nbd2 O-O 12. Qe1 d5 13. e5 Be7 14. Qg3 a5 15. a4
bxa4 16. Rxa4 Ba6 17. c4 f5 18. exf6 Bxf6 19. Bxf6 Qxf6 20. Ne5 Nd4 21. Qe3 Qd8
22. Ra2 Qc7 23. Ndf3 Nxb3 24. Ng5 Bc8 25. f5 exf5 26. cxd5 Re8 27. Ngf3 Bb7 28.
Rc2 Bxd5 29. Re1 a4 30. d4 a3 31. Qf2 Qa7 32. Ra2 Nxd4 33. Nxd4 cxd4 34. Raa1
g6 35. Nd3 Be4 36. Qa2+ Kg7 37. Qb3 Rec8 38. Qb5 Rc2 39. Qe5+ Kg8 40. Rxe4 fxe4
41. Qd5+ Kh8 42. Qe5+ Qg7 43. Qxe4 Rcc8 44. h3 Ra7 45. Qe6 Rd8 46. Qb3 Qe7 47.
Re1 Qd6 48. Re6 Rb8 49. Qa2 Qg3 50. Nb4 Rab7 51. Qe2 a2 52. Re8+ Rxe8 53. Qxe8+
Kg7 0-1

[Event "GBR-ch72"]
[Site "Edinburgh"]
[Date "1985.08.06"]
[Round "8.25"]
[White "Jackson, Oliver A"]
[Black "Teichmann, Erik OMC"]
[Result "1-0"]
[WhiteElo "2230"]
[BlackElo "2385"]
[PlyCount "83"]
[EventDate "1985.07.29"]
[EventType "swiss"]
[EventRounds "11"]
[EventCountry "GBR"]
[SourceTitle "BritBase"]
[Source "John Saunders"]
[SourceDate "2020.09.07"]
[SourceVersion "1"]
[SourceVersionDate "2020.09.07"]
[SourceQuality "2"]

1. e4 e5 2. f4 exf4 3. Bc4 Nf6 4. Nc3 c6 5. d4 Bb4 6. e5 Ne4 7. Kf1 Nxc3 8.
bxc3 Bxc3 9. Ba3 b5 10. Bd6 bxc4 11. Qg4 g6 12. Qh3 Bxa1 13. Qh6 Qe7 14. Bxe7
Kxe7 15. Qg5+ Ke8 16. Qf6 Rf8 17. Nf3 c5 18. Ng5 d5 19. Qd6 Nd7 20. Nxh7 Bxd4
21. Nxf8 Nxe5 22. Nh7 Nd7 23. Ke2 Rb8 24. Re1 Rb6 25. Kf1+ Kd8 26. Qe7+ Kc7 27.
Qxf7 g5 28. Nxg5 Kb8 29. Ne6 Be3 30. Nf8 Nf6 31. Qe7 d4 32. Qxc5 Ng4 33. Rxe3
dxe3 34. h3 Nh6 35. Qe5+ Kb7 36. Qd5+ Kb8 37. Qe5+ Kb7 38. Qe4+ Kb8 39. Qxf4+
Kb7 40. Qe4+ Ka6 41. Qxe3 Nf5 42. Qa3+ 1-0

[Event "GBR-ch72"]
[Site "Edinburgh"]
[Date "1985.08.06"]
[Round "8.26"]
[White "Morrison, Robert"]
[Black "Jackson, Sheila"]
[Result "1-0"]
[WhiteElo "2370"]
[BlackElo "2225"]
[PlyCount "71"]
[EventDate "1985.07.29"]
[EventType "swiss"]
[EventRounds "11"]
[EventCountry "GBR"]
[SourceTitle "BritBase"]
[Source "John Saunders"]
[SourceDate "2020.09.07"]
[SourceVersion "1"]
[SourceVersionDate "2020.09.07"]
[SourceQuality "2"]

1. e4 e5 2. Nf3 Nc6 3. Bb5 a6 4. Ba4 Nf6 5. O-O Be7 6. Re1 b5 7. Bb3 d6 8. c3
O-O 9. d4 Bg4 10. Be3 exd4 11. cxd4 d5 12. e5 Ne4 13. h3 Be6 14. Nbd2 Nxd2 15.
Bxd2 Qd7 16. Qe2 Nd8 17. Bc2 Bf5 18. Bxf5 Qxf5 19. Rec1 Ne6 20. Rc6 Qe4 21. Qe3
Rfb8 22. Qxe4 dxe4 23. d5 Nf8 24. Nd4 Rd8 25. Nf5 Ng6 26. Rxg6 hxg6 27. Nxe7+
Kf8 28. Bb4 Ke8 29. Re1 f6 30. e6 f5 31. Re3 a5 32. Bc5 b4 33. Rg3 Rdb8 34.
Rxg6 Rb5 35. Rxg7 Rxc5 36. Ng6 1-0

[Event "GBR-ch72"]
[Site "Edinburgh"]
[Date "1985.08.06"]
[Round "8.27"]
[White "Ivell, Nicholas W"]
[Black "Small, Simon"]
[Result "1-0"]
[WhiteElo "2350"]
[BlackElo "2152"]
[PlyCount "79"]
[EventDate "1985.07.29"]
[EventType "swiss"]
[EventRounds "11"]
[EventCountry "GBR"]
[SourceTitle "BritBase"]
[Source "John Saunders"]
[SourceDate "2020.09.07"]
[SourceVersion "1"]
[SourceVersionDate "2020.09.07"]
[SourceQuality "2"]

1. e4 c5 2. Nf3 d6 3. c3 Nf6 4. Bd3 Nc6 5. Bc2 Bg4 6. d3 e6 7. Nbd2 Be7 8. h3
Bxf3 9. Nxf3 O-O 10. O-O Rc8 11. Qe2 Qb6 12. Rd1 Qa6 13. a3 Nd7 14. Bf4 Rfd8
15. b4 Nf8 16. Rdb1 Ng6 17. Bg3 Nce5 18. bxc5 Nxf3+ 19. Qxf3 dxc5 20. e5 b6 21.
Qe4 Rc7 22. h4 Qb7 23. Qg4 Rcc8 24. Re1 b5 25. Re3 Bf8 26. Rf3 Qd5 27. Re1 Qa2
28. h5 Qxc2 29. hxg6 hxg6 30. Ree3 Qxc3 31. Rxf7 Qc1+ 32. Kh2 Kxf7 33. Rf3+ Ke8
34. Qxe6+ Be7 35. Bh4 Rc7 36. Qf7+ Kd7 37. Qxe7+ Kc6 38. Qxd8 Qxa3 39. Qd6+ Kb7
40. Bd8 1-0

[Event "GBR-ch72"]
[Site "Edinburgh"]
[Date "1985.08.06"]
[Round "8.28"]
[White "Bradbury, Neil H"]
[Black "Evans, Raymond G"]
[Result "1-0"]
[WhiteElo "2335"]
[BlackElo "2128"]
[PlyCount "65"]
[EventDate "1985.07.29"]
[EventType "swiss"]
[EventRounds "11"]
[EventCountry "GBR"]
[SourceTitle "BritBase"]
[Source "John Saunders"]
[SourceDate "2020.09.07"]
[SourceVersion "1"]
[SourceVersionDate "2020.09.07"]
[SourceQuality "2"]

1. d4 Nf6 2. c4 c5 3. d5 e6 4. Nc3 exd5 5. cxd5 d6 6. Nf3 g6 7. Bg5 Bg7 8. e4
O-O 9. Nd2 Re8 10. Be2 a6 11. a4 Nbd7 12. O-O Qc7 13. Qc2 Rb8 14. Bf4 Ne5 15.
h3 Nh5 16. Bh2 f5 17. f4 Nf7 18. Bxh5 gxh5 19. exf5 Nh6 20. f6 Bxf6 21. f5 Rf8
22. Kh1 Kh8 23. Nc4 Nxf5 24. Nxd6 Ne3 25. Rxf6 Rxf6 26. Qe4 Nf1 27. Qe5 Qxd6
28. Rxf1 Kg7 29. Rxf6 Qxf6 30. Qxf6+ Kxf6 31. Bxb8 Bd7 32. a5 Kf5 33. Kg1 1-0